La teoría de las formas de gobierno en la historia del pensamiento político: año académico 1975-1976
Saved in:
| Hovedforfatter: | |
|---|---|
| Format: | Bog |
| Udgivet: |
Ciudad de México, México:
Fondo de Cultura Económica,
2001.
|
| Udgivelse: | 2a. ed |
| Serier: | Sección de Obras de Política y Derecho
|
| Fag: | |
| Tags: |
Tilføj Tag
Ingen Tags, Vær først til at tagge denne postø!
|
MARC
| LEADER | 00000cam a2200000 a 4500 | ||
|---|---|---|---|
| 001 | UCG2419 | ||
| 003 | CL-VaPUC | ||
| 005 | 20230109094948.0 | ||
| 008 | 230109t2001 ||||| |||| 00| 0 eng d | ||
| 020 | |a 978-968-16-6467-1 | ||
| 040 | |c Pontificia Universidad Católica de Valparaíso | ||
| 082 | 0 | 4 | |a 320.5 BOB 2001 |2 21 |
| 100 | |a Bobbio, Norberto |e autor |9 257371 | ||
| 245 | 1 | 3 | |a La teoría de las formas de gobierno en la historia del pensamiento político: año académico 1975-1976 |
| 250 | |a 2a. ed | ||
| 260 | |a Ciudad de México, México: |b Fondo de Cultura Económica, |c 2001. | ||
| 300 | |a 193 páginas. | ||
| 490 | 0 | |a Sección de Obras de Política y Derecho | |
| 583 | |a last modification |c 20140606 03:17:28 |k Rodrigo Vera | ||
| 650 | 0 | |a Teoría política historia |2 CL-VaPUC |9 257297 | |
| 650 | 0 | |a Formas de gobierno |9 255257 | |
| 942 | |c BK |2 ddc | ||
| 945 | |d 20100708 00:00:00 |a dcastane | ||
| 999 | |c 341634 |d 341632 | ||
| 952 | |0 0 |1 0 |4 0 |6 320_500000000000000_BOB_2001 |7 0 |8 A |9 437265 |a BIBHIS |b BIBHIS |d 2019-11-22 |i 4689267 |o 320.5 BOB 2001 |p 4689267 |r 2025-01-20 |w 2019-11-22 |y BK |k HIS | ||
| 952 | |0 0 |1 0 |4 0 |6 320_500000000000000_BOB_2001 |7 0 |8 A |9 437266 |a BIBHIS |b BIBHIS |d 2019-11-22 |i 4695984 |o 320.5 BOB 2001 |p 4695984 |r 2025-01-20 |w 2019-11-22 |y BK |k HIS | ||
| 952 | |0 0 |1 0 |3 erb |4 0 |6 320_500000000000000_BOB_2001 |7 0 |8 A |9 437267 |a BIBDER |b BIBDER |i 5083397 |l 2 |o 320.5 BOB 2001 |p 5083397 |r 2023-01-25 |s 2022-05-04 |w 2019-11-22 |y BK |z Catalogado en:20140612 |k DER | ||
| 952 | |0 0 |1 0 |3 erb |4 0 |6 320_500000000000000_BOB_2001 |7 0 |8 A |9 437268 |a BIBEDU |b BIBEDU |i 5196876 |l 1 |o 320.5 BOB 2001 |p 5196876 |r 2022-05-11 |s 2022-05-04 |w 2019-11-22 |y BK |z Catalogado en:20150904 |k FIL | ||
| 952 | |0 0 |1 0 |2 ddc |4 0 |6 320_500000000000000_BOB_2001 |7 0 |8 A |9 588561 |a BIBGIM |b BIBGIM |d 2023-01-06 |e 3 |g 10569.00 |i 5656345 |o 320.5 BOB 2001 |p 5656345 |r 2025-01-15 |t 5 |v 10569.00 |w 2023-01-06 |y BK |k SSL | ||